000
00378nam a2200133Ia 4500
008
191206s9999 xx 000 0 und d
020
_a
0894102168 :
090
_a
PR600504Z753
245
0
_a
Joseph Conrad: Third World Perspectives
260
_a
Three Continents Press
260
_c
cc1990
300
_a
"x, 273 p. ; 24 cm."
999
_c
16298
_d
16298